000 01148cam a22003497a 4500
003 CHAP
005 20220329135108.0
008 971013s1974 r 00010 d
010 _a30834
011 _a31806
020 _a8470031902
035 _a35918
040 _cCHAP
082 _a636.9
_bC6 1974
100 0 0 _aCosta Batllori, Pedro.
_928474
245 0 _aCunicultura
_c/por Pedro Costa Batllori
250 _a2 ed.
260 _aBarcelona :
_bAedos,
_c1974
300 _a216 p. :
_bilus.
490 0 _aBiblioteca agrícola Aedos
590 _aBATCH-UPD
_b10
_c20130110
_lUCH01
_h1608
590 _aBATCH-UPD
_b10
_c20130410
_lUCH01
_h1004
590 _aBATCH-UPD
_b10
_c20130914
_lUCH01
_h0616
590 _aCONVERSION
_b10
_c20130109
_lUCH01
_h1317
650 1 4 _aCunicultura.
_930449
830 0 _aBiblioteca agrícola Aedos
_912228
901 _aBK
942 _cLIBRO
949 _a636.9 C6 1974
_bBC
_cLIBRO
_d-82923
_eLIBRO
_fc.2
_h45249
_i35918
_si
_t179.00
949 _a636.9 C6 1974
_bBC
_cLIBRO
_d33724000882262
_eLIBRO
_fc.3
_gDonaciØn
_h103715
_i35918
_si
949 _a636.9 C6 1974
_bBC
_cMUT
_d33724000106308
_eMUT
_h38421
_i35918
_si
_t179.00
999 _c30834
_d30834